000
00248nam a2200121Ia 4500
100
_a
Rao/B.V.N.
942
_c
BK
654
_a
Physics.
245
_a
Modern Physics.
260
_b
Wiley eastern
_a
New Delhi
_c
1993
546
_a
ENGLISH
999
_c
24472
_d
24472